| 000 | 01512cab a22002535a 4500 | ||
|---|---|---|---|
| 001 | L137947 | ||
| 008 | 070509s2007 xxk f 000 0 eng d | ||
| 035 | _a(Sirsi) u137947 | ||
| 041 | 0 | _aeng | |
| 100 | 1 | _aWindle, Chris | |
| 245 | 0 | 0 | _aHome information packs |
| 260 | _c2007 | ||
| 490 |
_aHousebuilder _v66(4) May 2007, 30-37(5) |
||
| 520 | _aTwo articles address issues surrounding HIPs which are to be introduced on 1 June. "Get Packing" provides a guide to HIPs and considers the likely effect on the housing market. Finds that the speculated rush to sell before the deadline has yet to occur. Argues that homebuilders will be least affected as they already hold much of the required information. A potential shortage of energy assessors for EPCs is one concern. Packs may stop homeowners marketing their property simply to assess the price. Greater interest in part exchange may result. As yet, homeowner awareness appears limited. Presents numerous views from industry stakeholders. "Pack Mentality" provides practical advice on compiling HIPs. It lists exempt property types, examines EPCs and addresses timescales. | ||
| 590 | _aKA | ||
| 650 | 2 | 4 | _aHOME INFORMATION PACKS |
| 650 | 2 | 4 | _aRESIDENTIAL ENERGY PERFORMANCE CERTIFICATES |
| 650 | 2 | 4 | _aPROPERTY MISDESCRIPTIONS ACT 1991 |
| 650 | 2 | 4 | _aDIRECTIVE 2002/91/EC |
| 651 | 4 |
_aEngland and Wales _y1543- |
|
| 690 | _aPROPERTY-RESIDENTIAL PROPERTY-ACQUISITION AND DISPOSAL OF RESIDENTIAL PROPERTY | ||
| 700 | 1 | _aSmith, Christine | |
| 942 | _n0 | ||
| 999 |
_c78748 _d78748 |
||